Gossip : moda e modi del voyeurismo contemporaneo /
Gorde:
| Beste egile batzuk: | |
|---|---|
| Formatua: | Liburua |
| Hizkuntza: | italiera |
| Argitaratua: |
Bologna :
BUP,
2010
|
| Gaiak: | |
| Etiketak: |
Etiketarik gabe, Izan zaitez lehena erregistro honi etiketa jartzen!
|
MARC
| LEADER | 00000nam a2200000 i 4500 | ||
|---|---|---|---|
| 001 | IT\ICCU\UBO\3681139 | ||
| 003 | ItRI | ||
| 005 | 20260115232140.0 | ||
| 008 | 100201s2010 it |||||| ||||| |||||c | ||
| 015 | |2 IT |a 2010-1144 | ||
| 020 | |a 9788873955016 | ||
| 040 | |b ita |c importazione bologna sebina | ||
| 041 | 7 | |a ita |2 ISO-639-2 | |
| 245 | 0 | 0 | |a Gossip : |b moda e modi del voyeurismo contemporaneo / |c a cura di Federica Muzzarelli. |
| 260 | |a Bologna : |b BUP, |c 2010 | ||
| 300 | |a 130 p. : |b ill. ; |c 22 x 22 cm | ||
| 650 | 7 | |a MODA |x ASPETTI SOCIALI |2 scbi | |
| 700 | 1 | |a Muzzarelli, Federica |0 IT\ICCU\MODV\164142 | |
| 942 | |2 ddc |c BK |n 0 | ||
| 952 | |0 0 |1 0 |4 0 |6 DOC_302_240000000000000_MUZ |7 0 |9 20884 |a BO |b BO |d 2026-01-15 |i 13401 |l 0 |o DOC 302.24 MUZ |p BO13401 |r 2026-01-15 23:21:40 |w 2026-01-15 |x [Sebina 5] [1 v.] |y BK |z 1 v. | ||
| 999 | |c 17841 |d 17841 | ||